Komplexná monografia mapujúca vývoj financií na území Slovenska

Recenzia na vedeckú monografiu, ktorá sa zaoberá vývojom financií a finančnej vedy v jednotlivých spoločensko-ekonomických formáciách.

Guardado en:
Detalles Bibliográficos
Autor principal: Kocúrek, Martin, 1990-
Formato: Capítulo de libro
Lenguaje:eslovaco
Materias:
Etiquetas: Agregar Etiqueta
Sin Etiquetas, Sea el primero en etiquetar este registro!

MARC

LEADER 00000naa a2200000 4500
001 0254375
005 20240502074050.8
041 0 |a slo 
044 |a SK 
245 1 0 |a Komplexná monografia mapujúca vývoj financií na území Slovenska  |c Martin Kocúrek 
520 |a Recenzia na vedeckú monografiu, ktorá sa zaoberá vývojom financií a finančnej vedy v jednotlivých spoločensko-ekonomických formáciách. 
610 2 0 |a veda finančná 
610 2 0 |a história 
610 2 0 |a recenzie 
610 2 0 |a sektor finančný 
100 1 |a Kocúrek, Martin, 1990-